A decade after the global recession : lessons and challenges for emerging and developing economies /

Bibliographic Details
Other Authors: Ohnsorge, Franziska, (Editor), Kose, M. Ayhan, (Editor)
Format: eBook
Language:English
Published: Washington, District of Columbia : World Bank Publications, [2020]
Subjects:
Online Access:Click to View
LEADER 01749nam a2200397 i 4500
001 EBC6678352
003 MiAaPQ
005 20220603165847.0
006 m o d |
007 cr cnu||||||||
008 220603s2020 dcua o 000 0 eng d
020 |z 9781464815270  |q (print) 
020 |a 9781464815287  |q (electronic bk.) 
035 |a (MiAaPQ)EBC6678352 
035 |a (Au-PeEL)EBL6678352 
035 |a (OCoLC)1135467988 
040 |a MiAaPQ  |b eng  |e rda  |e pn  |c MiAaPQ  |d MiAaPQ 
050 4 |a HG3881  |b .D433 2020 
082 0 |a 330.90511  |2 23 
245 0 2 |a A decade after the global recession :  |b lessons and challenges for emerging and developing economies /  |c edited by M. Ayhan Kose and Franziska Ohnsorge. 
264 1 |a Washington, District of Columbia :  |b World Bank Publications,  |c [2020] 
264 4 |c Ã2020 
300 |a 1 online resource (437 pages) :  |b illustrations 
336 |a text  |b txt  |2 rdacontent 
337 |a computer  |b c  |2 rdamedia 
338 |a online resource  |b cr  |2 rdacarrier 
588 |a Description based on print version record. 
590 |a Electronic reproduction. Ann Arbor, MI : ProQuest, 2018. Available via World Wide Web. Access may be limited to ProQuest affiliated libraries. 
650 0 |a Recessions. 
650 0 |a Economic development. 
655 4 |a Electronic books. 
700 1 |a Ohnsorge, Franziska,  |e editor. 
700 1 |a Kose, M. Ayhan,  |e editor. 
776 0 8 |i Print version:  |t Decade after the global recession : lessons and challenges for emerging and developing economies.  |d Washington, District of Columbia : World Bank Publications, c2020   |h 437 pages   |z 9781464815270 
797 2 |a ProQuest (Firm) 
856 4 0 |u https://ebookcentral.proquest.com/lib/matrademy/detail.action?docID=6678352  |z Click to View